000 00301nam a22001217a 4500
020 _a978-81-907192-5-4
082 _a823
_bSEA/F
245 _aTHE FOOLISH TURTLE, THE GREEDY CRANE
260 _aCHENNAI
_bSEASONS
520 _aENGLISH SHORT STORY
650 _aENGLISH SHORT STORY
_zCHENNAI
942 _cBK
999 _c5665
_d5665